=LDR 00000nam 2200000 4500 =001 NUTBA000000000004072 =005 20140902114712.0 =006 =007 =008 =020 ##$$a 978-602-277-258-3 =035 ##$$a 0010-091400000000105 =040 ##$$a NBPDMAT =082 ##$$a 507.6 =084 ##$$a 507.6 Tim b =100 ##$$a Tim Gudang Ilmu =245 ##$$a Buku Pintar Tembus SNMPTN IPA / $c Tim Gudang Ilmu =260 ##$$a Jakarta : $b Gudang Ilmu, $c 2011 =300 ##$$a vi, 226 hlm. : $b ilus. ; $c 24 cm =650 ##$$a SAINS-UJIAN-SOAL-DSB =990 ##$$a c =990 ##$$a 0001/BPAP-NTB/20142014 =990 ##$$a 0001/BPAP-NTB/20142014 =990 ##$$a 0001/BPAP-NTB/20142014 =990 ##$$a 0001/BPAP-NTB/20142014 =990 ##$$a 0001/BPAP-NTB/20142014